000 00425pab a2200145 454500
008 180718b1983 xxu||||| |||| 00| 0 eng d
100 _aRoustang, Guy
245 _aWorker participation in occupational safety and health matters in France
260 _c1983
300 _a169-82
362 _aMar.-Apr.
650 _aIndustry - Safety Devices and Measure - France
773 _aInternational Labour Review
909 _a10612
999 _c10612
_d10612